Which Pope Did It - Statistics

General Stats
  • This quiz has been taken 11 times
  • The average score is 4 of 11
Answer Stats
Hint Answer % Correct
First used social media Benedict XVI
89%
Last wore the papal tiara Paul VI
78%
Was the first to be photographed Pius IX
56%
Was pope three times Benedict IX
44%
Blessed Pokémon John Paul II
33%
Called the Council of Trent Paul III
33%
Started the tradition of wearing white Pius V
33%
Excommunicated King John Innocent III
22%
Reigned the longest Peter
22%
Reigned the shortest Urban VII
22%
Was the last to keep his birth name Marcellus II
11%
No matching quizzes found
Score Distribution
Percent of People with Each Score
Percentile by Number Answered
Your Score History
You have not taken this quiz